Library Banner

Handbook of pathology / (Record no. 124702)

MARC details
000 -LEADER
fixed length control field 00503nam a22002057a 4500
005 - DATE AND TIME OF LATEST TRANSACTION
control field 20211116110528.0
008 - FIXED-LENGTH DATA ELEMENTS--GENERAL INFORMATION
fixed length control field 211116b ||||| |||| 00| 0 eng d
020 ## - INTERNATIONAL STANDARD BOOK NUMBER
International Standard Book Number 9788174733443
040 ## - CATALOGING SOURCE
Transcribing agency PK-LaUMT
082 ## - DEWEY DECIMAL CLASSIFICATION NUMBER
Classification number 616.07
Item number PAN-H
100 ## - MAIN ENTRY--PERSONAL NAME
Personal name Panda, U. N.
245 ## - TITLE STATEMENT
Title Handbook of pathology /
Statement of responsibility, etc by U. N. Panda
250 ## - EDITION STATEMENT
Edition statement 2nd ed.
260 ## - PUBLICATION, DISTRIBUTION, ETC. (IMPRINT)
Place of publication, distribution, etc Delhi :
Name of publisher, distributor, etc Aitbs Publishers,
Date of publication, distribution, etc 2016
300 ## - PHYSICAL DESCRIPTION
Extent 302 p.
650 ## - SUBJECT ADDED ENTRY--TOPICAL TERM
Topical term or geographic name as entry element Pathology
650 ## - SUBJECT ADDED ENTRY--TOPICAL TERM
Topical term or geographic name as entry element Cell pathology
650 ## - SUBJECT ADDED ENTRY--TOPICAL TERM
Topical term or geographic name as entry element Heart
942 ## - ADDED ENTRY ELEMENTS (KOHA)
Koha item type Books
Holdings
Withdrawn status Lost status Damaged status Home library Current library Date acquired Full call number Barcode Date last seen Price effective from Koha item type
      UMT Health Sciences Campus UMT Health Sciences Campus 2021-11-16 616.07 PAN-H 139290 2025-10-10 2021-11-16 Books